| 000 | 00731nam a2200265Ia 4500 | ||
|---|---|---|---|
| 003 | OSt | ||
| 005 | 20221006151232.0 | ||
| 006 | a|||||r|||| 00| 0 | ||
| 007 | ta | ||
| 008 | 221006b |||||||| |||| 00| 0 jpn d | ||
| 020 | _c¥4944 | ||
| 024 | _a21,388 | ||
| 037 |
_bGift, Japan Foundation _cTextual |
||
| 040 |
_aEASL _cEASL _bjpn |
||
| 041 |
_2jpn _ajpn |
||
| 082 | _aY2.42.N8, M8 | ||
| 100 |
_aYAMANAKA Einosuke _9657625 |
||
| 245 | 0 | _aNihon kindai kokka no keisei to ie deido | |
| 260 |
_aTokyo _bNihon Hyoronsha Japan _c1988 |
||
| 300 |
_a280p. _ccm. |
||
| 490 | _v JL | ||
| 650 | _aJL | ||
| 942 |
_hY2.42.N8, M8 _cTEXL _2CC |
||
| 999 |
_c1089474 _d1089474 |
||